000 00303nam a22001337a 4500
008 170201b xxu||||| |||| 00| 0 eng d
020 _a05531104454
041 _aeng
080 _a61
100 _a3
101 _aSHM
245 _aCARING FOR YOUR BABY AND YOUNG CHILD
_cBAYS .JUDITH
942 _2udc
_cBK
999 _c4212
_d4212